000 00887nam a22002771a 4500
001 21330
003 CZ PrNK
005 20260227120029.0
007 ta
008 020218s1944 xo e 000 p slo
040 _aABA001
_bcze
_cABA001
_dABA001
072 7 _a821.162.4
_xSlovenská literatura
_2Konspekt
080 _a821.162.4-1
_2MRF
080 _a(0:82-1)
_2MRF
100 1 _aVajanský, Svetozár Hurban,
_d1847-1916
_4aut
245 1 0 _aBásne Svetozára Hurbana Vajanského
250 _aNové vydanie
260 _aV T. Sv. Martine :
_bMatica slovenská,
_c1944
_f(Neografia)
300 _a423 s. ;
_c
490 1 _aSobrané diela / Svetozár Hurban Vajanský ;
_vsv. 7
500 _aÚpravu navrhol Jozef Cincík
655 7 _aslovenská poezie
_2czenas
800 1 _aVajanský, Svetozár Hurban,
_d1847-1916.
_tSobrané diela
910 _aABA001
942 _2ddc
_cKLDO
_n0
999 _c21330
_d21330